MARC details
| 000 -CABECERA |
| campo de control de longitud fija |
02838nam a2200337 a 4500 |
| 003 - IDENTIFICADOR DEL NÚMERO DE CONTROL |
| campo de control |
DO-SdBNP |
| 005 - FECHA Y HORA DE LA ÚLTIMA TRANSACCIÓN |
| campo de control |
20220711110124.0 |
| 007 - CAMPO FIJO DE DESCRIPCIÓN FÍSICA--INFORMACIÓN GENERAL |
| campo de control de longitud fija |
ta |
| 008 - DATOS DE LONGITUD FIJA--INFORMACIÓN GENERAL |
| campo de control de longitud fija |
220711e2011 dr adocgre||| 00| 0 spa d |
| 020 ## - NÚMERO INTERNACIONAL ESTÁNDAR DEL LIBRO |
| Número Internacional Estándar del Libro |
9789945452402, v.1 |
| 020 ## - NÚMERO INTERNACIONAL ESTÁNDAR DEL LIBRO |
| Número Internacional Estándar del Libro |
9789945452501, v.2 |
| 020 ## - NÚMERO INTERNACIONAL ESTÁNDAR DEL LIBRO |
| Número Internacional Estándar del Libro |
9789945452518, v.3 |
| 040 ## - FUENTE DE LA CATALOGACIÓN |
| Centro catalogador/agencia de origen |
DO-SdBNP |
| Lengua de catalogación |
spa |
| Centro/agencia transcriptor |
BNPHU |
| 082 #4 - NÚMERO DE LA CLASIFICACIÓN DECIMAL DEWEY |
| Número de edición |
22 |
| Número de documento/Ítem |
G2161e |
| 245 13 - MENCIÓN DE TÍTULO |
| Título |
La enciclopedia total del béisbol invernal dominicano. / |
| Mención de responsabilidad, etc. |
Félix García Estrella; Prólogo, Felipe Payano; Fotografía, Carlos Alonzo, Manolito Jiménez |
| 260 ## - PUBLICACIÓN, DISTRIBUCIÓN, ETC. |
| Lugar de publicación, distribución, etc. |
[Santo Domingo] : |
| Nombre del editor, distribuidor, etc. |
Nuevo Diario, |
| Fecha de publicación, distribución, etc. |
2011 |
| 300 ## - DESCRIPCIÓN FÍSICA |
| Extensión |
3 v. |
| Otras características físicas |
il., fotogrf., gráf., retr. |
| Dimensiones |
27 cm. |
| 505 0# - NOTA DE CONTENIDO CON FORMATO |
| Nota de contenido con formato |
v.1 |
| Título |
Introducción.-- |
| -- |
El autor.-- |
| -- |
Prólogo.-- |
| -- |
Agradecimiento.-- |
| -- |
1. La pre- historia del béisbol.-- |
| -- |
2. Historia de los equipos.-- |
| -- |
3. Del "Macuto a los Millones".-- |
| -- |
4. Los intelectuales y el béisbol dominicano.-- |
| -- |
5. La Crónica deportiva y el béisbol. Un matrimonio sin divorcio.-- |
| -- |
6. La promoción comercial y el béisbol.-- |
| -- |
7. Los estadios tienen su historia.-- |
| -- |
8. Campeonatos de la ciudad de Santo Domingo o "City Champ" |
| -- |
9. La Liga dominicana del Béisbol profesional.-- |
| -- |
10. El "Mercado Negro" también tiene su historia.-- |
| -- |
11. Incidentes de nuestro béisbol.-- |
| -- |
12. La expansión del béisbol profesional dominicano.-- |
| -- |
13. Juegos Estrellas.-- |
| -- |
14. Juegos interligas.-- |
| -- |
15. Serie del Caribe y la calidad del béisbol dominicano.-- |
| -- |
16. Resumen totoal de todos los torneos realizados en el país.-- |
| -- |
17. Draft.-- |
| -- |
18. Premiaciones deportivas.-- |
| -- |
19. Efemérides.-- |
| -- |
Cambios. |
| 505 0# - NOTA DE CONTENIDO CON FORMATO |
| Nota de contenido con formato |
v.2 |
| Título |
Presentación.-- |
| -- |
1. Líderes en juegos de apertura.-- |
| -- |
2. Estadísticas ofensivas individuales.-- |
| -- |
3. Estadísticas ofensivas colectivas.-- |
| -- |
4. Estadísticas individuales de pitcheo.-- |
| -- |
5. Estadísticas colectivas de pitcheo.-- |
| -- |
6. Estadísticas defensivas individuales.-- |
| -- |
7. Estadísticas defensivas colectivas.-- |
| -- |
8. Misceláneos.-- |
| -- |
9. Maneger.-- |
| -- |
10. Series del Caribe.-- |
| -- |
11. Sorteo de jugadores (DRAFT).-- |
| -- |
12. Juegos interligas.-- |
| -- |
13. Premiaciones.-- |
| -- |
14. Apéndice (Los records).-- |
| -- |
15. Índice alfabético de jugadores. |
| 505 0# - NOTA DE CONTENIDO CON FORMATO |
| Nota de contenido con formato |
v.3 |
| Título |
Capítulo 1 |
| -- |
1. Refuerzos del béisbol dominicano distinguidos en Grandes Ligas.-- |
| -- |
Capítulo 2 |
| -- |
Records sagrado del Béisbol Invernal dominicano.-- |
| -- |
Estadísticas individuales bateadores.-- |
| 590 ## - NOTA LOCAL (RLIN) |
| Nota local |
Inventariado 2022 / MF |
| 650 #4 - PUNTO DE ACCESO ADICIONAL DE MATERIA--TÉRMINO DE MATERIA |
| 9 (RLIN) |
53313 |
| Término de materia o nombre geográfico como elemento de entrada |
Jugadores de Béisbol |
| Subdivisión general |
Historia |
| Subdivisión geográfica |
República Dominicana |
| 651 #4 - PUNTO DE ACCESO ADICIONAL DE MATERIA--NOMBRE GEOGRÁFICO |
| 9 (RLIN) |
11250 |
| Nombre geográfico |
República Dominicana |
| Subdivisión de forma |
Enciclopedias |
| 651 #4 - PUNTO DE ACCESO ADICIONAL DE MATERIA--NOMBRE GEOGRÁFICO |
| 9 (RLIN) |
11251 |
| Nombre geográfico |
República Dominicana |
| Subdivisión de forma |
Enciclopedias |
| Subdivisión general |
Historia del Béisbol |
| 651 #4 - PUNTO DE ACCESO ADICIONAL DE MATERIA--NOMBRE GEOGRÁFICO |
| Nombre geográfico |
República Dominicana |
| Subdivisión de forma |
Enciclopedias |
| Subdivisión general |
Estadísticas |
| 9 (RLIN) |
81984 |
| 700 1# - PUNTO DE ACCESO ADICIONAL--NOMBRE DE PERSONA |
| 9 (RLIN) |
76422 |
| Nombre de persona |
Payano, Felipe, |
| Término indicativo de función/relación |
pról. |
| 700 1# - PUNTO DE ACCESO ADICIONAL--NOMBRE DE PERSONA |
| Nombre de persona |
Alozo, Carlos, |
| Término indicativo de función/relación |
fotogr. |
| 9 (RLIN) |
81982 |
| 700 1# - PUNTO DE ACCESO ADICIONAL--NOMBRE DE PERSONA |
| Nombre de persona |
Jiménez, Manolito, |
| Término indicativo de función/relación |
fotogr. |
| 9 (RLIN) |
81983 |
| 910 ## - DATOS DE OPCIÓN DEL USUARIO (OCLC) |
| Datos de opción del usuario |
MFeliz |
| 942 ## - ELEMENTOS DE PUNTO DE ACCESO ADICIONAL (KOHA) |
| Fuente del sistema de clasificación o colocación |
Dewey Decimal Classification |
| Tipo de ítem Koha |
Libro |